000 00502nam a2200193 a 4500
001 1774863791655
003 YourLibrary
005 20260330151550.0
008 260330s1990##################000#0#eng##
020 _a9780820411903
082 0 4 _a355.00936
_bGAV
100 1 _aGavaghan, Paul F.,
_eauthor.
245 1 0 _aThe Cutting Edge :
260 _bPeter Lang Pub Incorporated,
_c1990.
300 _a502 pages
650 0 _aHistory.
942 _cENGLISH
040 _aYourLibrary
_beng
_cYourLibrary
999 _c618219
_d618219